| 000 | 00470nam a22001697a 4500 | ||
|---|---|---|---|
| 005 | 20251218120349.0 | ||
| 008 | 251218b |||||||| |||| 00| 0 eng d | ||
| 020 | _a978-81-203-5046-5 | ||
| 100 | _aKULKARNI, PARAG | ||
| 245 |
_aARTIFICIAL INTELLIGENCE _bBUILDING INTELLIGENT SYSTEMS |
||
| 260 |
_aDELHI _bPHI LEARNING _c2025 |
||
| 300 | _aXXII, 506P. | ||
| 500 | _aINCLUDES INDEX | ||
| 650 | _aARTIFICIAL INTELLIGENCE | ||
| 700 | _aJOSHI, PRACHI | ||
| 942 |
_2lcc _cBK |
||
| 999 |
_c216354 _d216354 |
||